000 00224 a2200109 4500
020 _a9789332536524
100 _aRichard T. DeGeorge
245 _aBusiness ethics
250 _a7th
260 _bPearson
_c2015
942 _cOO
999 _c115572
_d115571